Top 10 des nations de football de l'UEFA - Statistiques

Statistiques générales
  • Ce quiz a été pris 443 fois
  • Le résultat moyen est 8 sur 10
Statistiques - réponses
# Réponse % Correct
5. France
99%
3. Espagne
97%
4. Allemagne
95%
2. Italie
95%
1. Angleterre
94%
7. Portugal
94%
8. Belgique
87%
6. Pays-Bas
85%
9. Turquie
54%
10. République Tchèque
30%
Aucun quiz correspondant
Distribution des résultats
% des personnes avec chaque résultat
Percentile par nombre de réponses
Votre historique - résultats
Vous n’avez pas pris ce quiz